LEADER 00738nam0-22002291i-450 001 9911039426803321 005 20251114120055.0 035 $aFED01000766160 100 $a20021010d1975----km-y0itay50------ba 101 0 $aita 102 $aIT 200 1 $aRelazione del Consiglio di Amministrazione 1974-Assemblea ordinaria e straordinaria del 26 aprile 1975 210 $aMilano$d1975 215 $d28 cm 710 02$aBanca commerciale italiana$0375079 801 0$aIT$bUNINA$gRICA$2UNIMARC 901 $aBK 912 $a9911039426803321 952 $aF ECO 282$b02/0429/25$fFAGBC 959 $aFAGBC 996 $aRelazione del Consiglio di Amministrazione 1974-Assemblea ordinaria e straordinaria del 26 aprile 1975$94456423 997 $aUNINA